| 000 | 00539nam a2200193 a 4500 | ||
|---|---|---|---|
| 001 | 1766480581208 | ||
| 003 | YourLibrary | ||
| 005 | 20251226120326.0 | ||
| 008 | 251223s1989##################000#0#eng## | ||
| 020 | _a9780820407890 | ||
| 082 | 0 | 4 |
_a277.30820899 _bWIL |
| 100 | 1 |
_aWilliams, Charles E., _eauthor. |
|
| 245 | 1 | 0 | _aThe French Oratorians and Absolutism, 1611-1641 : |
| 260 |
_bPeter Lang Pub Incorporated, _c1989. |
||
| 300 | _a494 pages | ||
| 650 | 0 | _aHistory. | |
| 942 | _cENGLISH | ||
| 040 |
_aYourLibrary _beng _cYourLibrary |
||
| 999 |
_c605107 _d605107 |
||